Practical research : planning and design
Gardado en:
| Autor Principal: | |
|---|---|
| Formato: | Libro |
| Publicado: |
Merrill Prentice Hall
2001
|
| Các nhãn: |
Engadir etiqueta
Sen Etiquetas, Sexa o primeiro en etiquetar este rexistro!
|
| Thư viện lưu trữ: | Mạng thư viện Đại học Đà Nẵng |
|---|
| LEADER | 00597nam a2200217 a 4500 | ||
|---|---|---|---|
| 001 | 000028706 | ||
| 003 | 19868 | ||
| 005 | 20171030145630.0 | ||
| 008 | 171030s2001 | ||
| 040 | |a LTT | ||
| 082 | 0 | |a 001.4 |b LE-P | |
| 100 | 1 | |a Leedy, Paul D | |
| 245 | 0 | 0 | |a Practical research : planning and design |c Paul D. Leedy ; with contributions by Timothy J. Newby and Peggy A. Ertmer. |
| 260 | |b Merrill Prentice Hall |c 2001 | ||
| OWN | |a LTT | ||
| 999 | |a From the UDN01 | ||
| TYP | |a Monograph | ||
| TYP | |a Printed language | ||
| 980 | |a Mạng thư viện Đại học Đà Nẵng | ||